Statistics for All Car Seat Headrest Songs

Click here to take the quiz!

General Stats

  • This quiz has been taken 75 times
  • The average score is 88 of 190

Answer Stats

Answer% Correct
High to Death
100%
Sober to Death
100%
Beach Life-in-Death
98%
Bodys
96%
Famous
96%
My Boy (Twin Fantasy)
96%
Famous Prophets (Minds)
94%
Famous Prophets (Stars)
94%
Twin Fantasy (Those Boys)
94%
Cute Thing
92%
Nervous Young Inhumans
92%
Stop Smoking
92%
Stop Smoking (We Love You)
92%
It's Only Sex
90%
Fill In The Blank
88%
Drunk Drivers/Killer Whales
86%
(Joe Gets Kicked Out of School for Using) Drugs With Friends (But Says This Isn't a Problem)
84%
America (Never Been)
80%
Hey, Space Cadet (Beast Monster Thing In Space)
80%
Cosmic Hero
78%
oh! starving
78%
Oh! Starving
78%
The Ending of Dramamine
78%
Vincent
78%
beach fagz
76%
Boxing Day
76%
Joe Goes to School
76%
Maud Gone
76%
Anchorite (Love You Very Much)
73%
Beast Monster Thing (Love Isn't Love Enough)
73%
Destroyed By Hippie Powers
73%
I Want You To Know That I’m Awake​/​I Hope That You’re Asleep
73%
Sunburned Shirts
73%
sunburned shirts
73%
The Ballad of the Costa Concordia
73%
1937 State Park
71%
Romantic Theory
71%
Something Soon
71%
something soon
71%
Souls
71%
The Gun Song
71%
beach death
69%
is this dust really from the Titanic?
69%
Kimochi Warui (When? When? When? When? When? When? When?)
69%
Los Borrachos (I Don’t Have Any Hope Left, But The Weather Is Nice)
69%
Los Borrachos (I Don't Have Any Hope Left, But the Weather is Nice)
69%
Misheard Lyrics
69%
Not What I Needed
69%
We Can't Afford (Your Depression Anymore)
69%
You're In Love With Me
69%
beach funeral
67%
Hollywood
67%
Deadlines (Hostile)
65%
Deadlines (Thoughtful)
65%
The Drum
65%
the drum
65%
Connect the Dots (The Saga of Frank Sinatra)
63%
Knife in the Coffee
63%
Reuse The Cels
63%
Times to Die
63%
Unforgiving Girl (She's Not An)
63%
happy/ugly
61%
Overexposed (Enjoy)
61%
happy news for sadness
59%
No Passion
59%
no passion
59%
Sleeping With Strangers
59%
Weightlifters
59%
Broken Birds (Rest in Pieces)
57%
Can't Cool Me Down
57%
Life Worth Missing
57%
Plane Crash Blues (I Can't Play the Piano)
57%
psst, teenagers, take off your clo
57%
Running Up That Hill
57%
I Can Play The Piano
55%
portrait of the artist as a young fag
55%
Devil Moon
53%
Homes
53%
I Hate Living
53%
Martin
53%
p.o.w
53%
Afterglow
51%
There Must Be More Than Blood
51%
big jacket
49%
Big Jacket
49%
father, flesh in rags
49%
Strangers
49%
strangers
49%
Crows (Rest in Bigger Pieces Mix)
47%
I-94 W (832 mi)
47%
Bad Role Models, Old Idols Exhumed (psst, teenagers, put your clothes back o)
45%
Jerks
45%
War Is Coming (If You Want It)
45%
Dreams Fall Hard
43%
lawns
43%
dickless heart
41%
Don't Remind Me
41%
heartless dick
41%
Jus' Tired
41%
stoop kid
41%
Unfinished: Pain Star (If heaven is full of people...)
41%
beach drugs
39%
Burning Man
39%
kid war
39%
open-mouthed boy
39%
the ghost of bob saget
39%
Hymn (Remix)
37%
I Wanna Sweat
37%
no starving
35%
beach weak
33%
I CAN TALK WITH MY EYES SHUT
33%
March of the Pigs
33%
Napoleon (March Into Russia)
33%
Please Mr. Pilot
33%
Some Strange Angel
33%
tybee island horse ghosts
33%
Death at the Movies
31%
Drunk on a Work Night
31%
Goodbye Love
31%
KS
31%
ryan north by northwest
31%
sun hot
31%
around
29%
Endpiece
29%
not "kidding" around
29%
smokezone
29%
What's With You Lately
29%
who even knows
29%
AC
27%
a good bridge to never cross until there's no doubt that he's dead
27%
Dream: Encounter on Smoke Mountain
27%
even the who knows
27%
foreign song
27%
.​.​.​then it will be exactly the same as earth
27%
what does OUJ stand for
27%
Love Me Too Much
24%
my dad just passed out
24%
shoelaces
24%
summer bummer
24%
100 minutes of solitude
22%
2:24
22%
David Lynch versus the moon
22%
Golden Years
22%
good sunday
22%
inside the bell jar
22%
Sinner
22%
When Will My Man Come?
22%
you have to go to college
22%
ff
20%
fiction I
20%
mortgages for veterans
20%
Sound Man/Low Fidelity
20%
up all night
20%
Cesare the somnambulist
18%
If Not, Then Oh Well
18%
Memories
18%
we are in space
18%
90
16%
act suspicious
16%
hanging out with my mom in women's apparel
16%
Hi Life
16%
hot sun
16%
july new hey
16%
leave together
16%
nothing
16%
reversible jacket
16%
Substitute
16%
the majestic hotel
16%
the singles song
16%
this one time I went to a coffee house because some guy I knew was playing and I just sat there for an hour and didn't talk to anyone and then I came home and wrote this song
16%
yes bulletin
16%
feel like daniel johnson
14%
his shiny customers
14%
I am afraid of literally everything
14%
I scream social
14%
surf jerk
14%
The Hard Part
14%
the vice president of google and et al
14%
get better song titles punk
12%
it's you, you're the asshole that made this
12%
neon sign
12%
samson's golden axe
12%
the staying song
12%
get better get well
10%
I don't want you
10%
total burn
10%
when I'm here
10%
a pleasant sort of terror
8%
squid desert
8%
wachovia receipts
8%

Score Distribution

Percentile by Number Answered

Percent of People with Each Score

Your Score History

You have not taken this quiz